000 00684nam a22002177a 4500
005 20251108172523.0
008 250721s9999 xx 000 0 ara d
082 1 4 _a550.1شقي
100 1 _aشقير، فارس سلوم
245 1 0 _aجيوفيزياء التطبيقية : الطرائف العلمية في إستكشاف باطنالأرض /
264 1 _aدمشق :
_bالمركز العربي للنشر،
300 _a383ص
650 1 7 _aعلوم الأرض
650 1 7 _aالجيوفيزياء
650 1 7 _aالأرض
650 1 7 _aدورانالأرض
650 1 7 _aالفيزياء
650 1 7 _aرسم الخرائط
942 _2ddc
_cBK
999 _c81454
_d81454